Problémy aplikácie IAS/IFRS v Slovenskej republike - absencia kvalitného prekladu štandardov

Prijatie nariadenia Európskeho parlamentu a Rady číslo 1606/2002 o používaní štandardov IAS/IFRS. Používanie štandardov IAS/IFRS pre vybrané skupiny účtovných jednotiek je zakotvené aj v zákone č. 431/2002 Z. z. o účtovníctve v znení neskorších predpisov. Problém s prekladom štandardov.

Na minha lista:
Detalhes bibliográficos
Autor principal: Parajka, Branislav, 1981-
Formato: Capítulo de Livro
Idioma:eslovaco
Assuntos:
Tags: Adicionar Tag
Sem tags, seja o primeiro a adicionar uma tag!

MARC

LEADER 00000naa$a2200000$$$4500
001 0057513
005 20240502071640.9
041 0 |a slo 
044 |a SK 
245 1 0 |a Problémy aplikácie IAS/IFRS v Slovenskej republike - absencia kvalitného prekladu štandardov  |c Branislav Parajka 
520 |a Prijatie nariadenia Európskeho parlamentu a Rady číslo 1606/2002 o používaní štandardov IAS/IFRS. Používanie štandardov IAS/IFRS pre vybrané skupiny účtovných jednotiek je zakotvené aj v zákone č. 431/2002 Z. z. o účtovníctve v znení neskorších predpisov. Problém s prekladom štandardov. 
610 2 0 |a štandardy účtovné medzinárodné 
610 2 0 |a IFRS 
610 2 0 |a jednotka účtovná 
610 2 0 |a Európsky parlament 
610 2 0 |a Rada Európskej únie 
610 2 0 |a terminológia 
100 1 |a Parajka, Branislav, 1981-